arte, diseño, billete, maculatura, refines (Record no. 22395)

MARC details
000 -CABECERA
campo de control de longitud fija 01182nam a22002177a 4500
003 - IDENTIFICADOR DEL NÚMERO DE CONTROL
campo de control OSt
005 - FECHA Y HORA DE LA ÚLTIMA TRANSACCIÓN
campo de control 20260601193906.0
008 - DATOS DE LONGITUD FIJA--INFORMACIÓN GENERAL
campo de control de longitud fija 260520b |||||||| |||| 00| 0 eng d
040 ## - FUENTE DE LA CATALOGACIÓN
Centro catalogador/agencia de origen ICI
Lengua de catalogación spa
Centro/agencia transcriptor ICI
050 ## - SIGNATURA TOPOGRÁFICA DE LA BIBLIOTECA DEL CONGRESO
Número de clasificación N910.M336
Número de documento/Ítem A6
245 ## - MENCIÓN DE TÍTULO
Título arte, diseño, billete, maculatura, refines
Mención de responsabilidad, etc. coordinación del proyecto José Antonio Sánchez Saavedra
260 ## - PUBLICACIÓN, DISTRIBUCIÓN, ETC.
Lugar de publicación, distribución, etc. Ciudad de México :
Nombre del editor, distribuidor, etc. Banco de México :
-- Trilce Ediciones,
Fecha de publicación, distribución, etc. 2017
300 ## - DESCRIPCIÓN FÍSICA
Extensión 190 páginas :
Otras características físicas ilustraciones, fotografías a color
500 ## - NOTA GENERAL
Nota general Artistas participantes: Pilar Bordes, Teresa Cito, Saúl Kaminer, Christa Klinckwort, Lenka Klobásová, Paula Krauze, Anette Khun, Manuel Marín, Yolanda Mora, Paul Nevin, Darío Ortíz, Sandra Pani, Maribel Portela, Nunik Sauret, Elena Segurajáuregui, Naomi Siegmann, María Tello, Ireri Topete, Paloma Torres y Héctor Velázquez
610 ## - PUNTO DE ACCESO ADICIONAL DE MATERIA--NOMBRE DE ENTIDAD CORPORATIVA
Nombre de entidad corporativa o nombre de jurisdicción como elemento de entrada Museo Banco de México
Subdivisión de forma Exposiciones
9 (RLIN) 34443
650 ## - PUNTO DE ACCESO ADICIONAL DE MATERIA--TÉRMINO DE MATERIA
Término de materia o nombre geográfico como elemento de entrada Arte moderno
Subdivisión de forma Exposiciones
Subdivisión geográfica México
9 (RLIN) 34444
650 ## - PUNTO DE ACCESO ADICIONAL DE MATERIA--TÉRMINO DE MATERIA
Término de materia o nombre geográfico como elemento de entrada Billetes de banco en el arte
Subdivisión de forma Exposiciones
9 (RLIN) 34445
700 ## - PUNTO DE ACCESO ADICIONAL--NOMBRE DE PERSONA
Nombre de persona Sánchez Saavedra, José Antonio,
Término indicativo de función/relación editor
9 (RLIN) 34446
710 ## - PUNTO DE ACCESO ADICIONAL--NOMBRE DE ENTIDAD CORPORATIVA
Nombre de entidad corporativa o nombre de jurisdicción como elemento de entrada Programa Arte/Billete/Maculatura/Refines/Diseño
9 (RLIN) 34447
942 ## - ELEMENTOS DE PUNTO DE ACCESO ADICIONAL (KOHA)
Fuente del sistema de clasificación o colocación Library of Congress Classification
Tipo de ítem Koha Libros
Suprimir en OPAC 1
Holdings
Estado de retiro Estado de pérdida Fuente del sistema de clasificación o colocación Estado dañado No para préstamo Localización permanente Ubicación/localización actual Fecha de adquisición Total de préstamos Signatura topográfica completa Código de barras Fecha visto por última vez Número de copia Precio válido a partir de Tipo de ítem Koha
El ejemplar forma parte de la colección y puede ser consultado según las políticas vigentes.   Library of Congress Classification     Biblioteca de Diseño Museo Franz Mayer Biblioteca de Diseño Museo Franz Mayer 20/05/2026   N910.M336 A6 BDIMFM001211 20/05/2026 Ej. 1 20/05/2026 Libros